01475nam a2200277Ia 4500952010000000999001700100008004100117020001500158050001900173100004100192245007300233250001200306260004000318300003100358500006300389504008400452505035600536519004200892650004400934650005600978650003001034700004101064700003701105700004301142942001201185 00102lcc4070a01b01d2022-11-17l0oQA76 F84 1991p16 003088r2023-07-13t1w2022-11-17yLB c68078d68078120626s1991 mx k 000 0 spa d a9681800621 aQA76bF84 1991 aAréchiga Gallegos, Rafael eautor  aFundamentos de computaciónc/ Rafael, Aréchiga Gallegos. et al.  a2a. ed. aMéxicob: Noriega Limusac, 1991  a391 pág.b: formularios  aIncluye: Contenido, Índice alfabético (pp. 389 - 391)  aBibliografía (pp. 385 - 387), Referencias para consulta y especialización  aI. Desarrollo histórico de las computadoras II. La lógica de las computadoras III. Arquitectura de las computadoras IV. Diagramas de flujo y algoritmos V. Introducción a un lenguaje de programación VI. Descripción física de las computadoras VII. Descripción general de un centro de cómputo VIII. Aplicación de las computadoras  aMaterial Complementario / d16 0030881 aCOMPUTACIÓN xELECTRÓNICA DE DATOS 2 aCOMPUTADORAS ELECTRONICAS DIGITALESxPROGRAMACIÓN20aPROCESAMIENTO DE PALABRAS aCorchado González, Jorge eautor  aRosales Torres, Ángel eautor  aGonzález Pérez, Sergio F. eautor  cLB2lcc